[Event "Dyfed Open"]
[Site "Fishguard"]
[Date "2019.02.24"]
[Round "4.19"]
[White "Leah, Howard"]
[Black "Denham, Colin"]
[Result "1/2-1/2"]
[WhiteElo "1613"]
[BlackElo "1653"]
[Annotator "kemen"]
[PlyCount "72"]
[EventDate "2019.??.??"]

{[%evp 0,12,28,9,49,36,45,20,55,39,38,25,44,33,43]} 1. e4 c5 2. Nc3 Nc6 3. g3
b6 (3... g6 {main}) 4. Bg2 Bb7 5. d3 e5 {weakens the wh squares} (5... d6) (
5... e6 {main lines}) 6. f4 (6. Nge2 {main, 6-1}) 6... d6 (6... Nge7 7. Nf3 d5
8. O-O d4 9. Ne2 f6 10. h3 Nc8 11. f5 Be7 12. g4 Nd6 13. a3 Qd7 14. h4 O-O-O
15. g5 {Chapeau-Homerin, Feinies op 2000,1-0}) 7. Nf3 Nge7 8. Ne2 (8. f5 $16 {
Stockfish10}) 8... f6 (8... g6 9. h4 Bg7 10. h5 f5 $11 (10... d5 $11 {
Stockfish10})) 9. c3 Qc7 10. O-O Bc8 {undeveoping} (10... O-O-O $16 {though
seems quite logical}) 11. fxe5 (11. d4 $18 {Wh should open up the game, while
the Bl K is still there}) 11... dxe5 12. d4 cxd4 13. cxd4 Ng6 {Wh would have
had f5 here if there hadn't been an exchange on the f file earlier} 14. Be3
exd4 (14... Bd6 {Bl should try & cling on to the centre he has erected} 15. Rc1
Qd7 16. Nc3 Ba6 17. Rf2 O-O 18. Qa4 Qb7 19. d5 Na5 $16 {but Bl is still in the
game}) 15. Nfxd4 $18 Nxd4 16. Nxd4 Ne5 17. Rc1 {Wh is fully developed now & Bl
is struggling} Qd7 18. Qb3 Bc5 19. Rfd1 {loks good, but forces Bl to make an
even better move} (19. Nf5 $1 Bxe3+ 20. Nxe3 Qf7 21. Nd5 O-O 22. Ne7+ Kh8 23.
Qxf7 Nxf7 24. e5 Rb8 25. exf6 gxf6 26. Rxf6 $18 {Stockfish10= Wh has won a
pawn & his pieces dominate the board}) 19... Qf7 $11 20. Qc3 (20. Qxf7+ Kxf7
21. b4 Bxb4 (21... Bxd4) 22. Rc7+ Be7 23. Bf4 Bg4 24. Nf5 Bxf5 25. exf5 Rhc8
26. Bd5+ Ke8 27. Rb7 $11 {Wh has compensation for the pawn,no more, though it
would be easy for Bl to go wrong in this kind of a position}) 20... O-O (20...
Bg4 $1 21. Rd2 O-O $15 {Wh's e4 pawn blocks in his pieces}) 21. Nf5 Bxe3+ 22.
Nxe3 Be6 $15 23. Nd5 Rac8 24. Qa3 Bxd5 $6 {allows the Wh B a bit of extra
breathing space & liberates the p} (24... Kh8 $15) 25. exd5 $11 Nc4 26. Qb3 Nd6
27. Rc3 (27. Rc6 {uses the advanced outpost}) 27... Rxc3 28. Qxc3 Rc8 29. Qd3
Qe7 $11 {(draw?)} (29... Qg6) 30. Bh3 Rc7 31. Be6+ {its still not a very good
B, & if Bl could manage to swap off both the Qs & the Rs he would have
excellent chances of winning the ending} Kh8 32. Qd2 Rc5 33. Rc1 Ne4 34. Qe3
Rxc1+ 35. Qxc1 Qc5+ 36. Qxc5 Nxc5 $11 {(draw?)} (36... Nxc5 {as mentioned the
B is doing little besides protecting its pawn, which might normally lead to a
loss.However it is for the moment cutting off the Bl K, and that makes all the
difference, since it is the Wh K that can get active.However if Bl could
manage to lay siege to the d pawn, and possibly pick up the odd pawn elsewhere
that the B will be unable to defend. Concrete analysis is required, which
indicates that Bl can do no more than defend.} 37. Bf5 (37. Kf2 Nxe6 {at once
is dangerous, as the Wh K gets too active} (37... g6 38. Ke3 Nb7 (38... Kg7 39.
Bc8 Kf8 40. d6 Ke8 41. Kd4 $18) 39. g4 Kg7 40. Kd4 Kf8 41. h4 Ke7 42. b4 Kd6
43. h5 $11) 38. dxe6 Kg8 39. Ke3 Kf8 40. Ke4 Ke7 41. Kd5 h5 (41... b5 42. b4 (
42. Kc5 Kxe6 43. Kxb5 f5 44. Kc4 (44. Ka6 {is too slow} g5 $19) 44... Ke5 45.
Kd3 g5 46. Ke3 Kd5 47. h4 h6 48. Kd3 $11 {the potential passed pawns balance
one another}) 42... a6 43. g4) 42. b4 g6 43. b5 g5 44. h4 g4 45. a3 $18) 37...
g6 38. b4 Nb7 39. Be6 Nd6 40. g4 Kg7 41. Kf2 f5 42. gxf5 g5 (42... gxf5 43. Kf3
Kf6 44. Kf4 {dangerous for Bl as the B can lose a move while the N can't. But
it can turn its attention elsewhere} Ne4 45. Bxf5 Nc3 46. Bxh7 Nxd5+ 47. Ke4
Nxb4 48. a4 Kg5 $11) 43. Kf3 h5 44. Ke3 Kf6 45. Kd4 Nb5+ (45... Nxf5+ 46. Bxf5
Kxf5 47. d6 Ke6 48. Ke4 $11 {just-Stockfish10}) 46. Ke3 Nd6 $11) 1/2-1/2

[Event "Dyfed Open"]
[Site "Fishguard"]
[Date "2019.02.24"]
[Round "5.1"]
[White "Zeidler, Sven P."]
[Black "Barnaby, Nicholas"]
[Result "1-0"]
[WhiteElo "2149"]
[BlackElo "1998"]
[Annotator "kemen"]
[PlyCount "95"]
[EventDate "2019.??.??"]

{[%evp 0,125,34,22,15,15,17,-40,-40,-23,-29,-21,91,97,95,95,162,156,127,158,
135,161,160,160,160,147,168,187,187,187,201,221,238,252,264,276,237,260,236,
296,270,294,296,277,297,221,230,239,222,189,213,227,236,238,268,308,303,300,
312,341,386,368,413,386,378,401,406,406,456,504,502,383,511,544,581,599,591,
394,394,397,395,332,331,355,351,349,349,349,362,340,350,346,346,340,351,351,
355,367,367,346,377,297,306,344,365,387,402,402,396,307,400,536,909,915,996,
1179,943,507,1112,1112,1255,1351,1378,1255,1346,1384,1474,1216]} 1. e4 e5 2.
Nf3 Nc6 3. c3 d5 4. Qa4 Bd7 5. exd5 Nb4 {unusual} (5... Nd4 {main, Sven 2 wins,
2 draws, 1 loss}) 6. Qb3 (6. Qd1 Nxd5 7. Nxe5 Qe7 8. Qe2 Nf4 9. Qe3 Nd5 10. Qe2
O-O-O {katerinis-dojcin, chesscube .com 2015,0-1}) 6... e4 7. Ne5 Nd3+ {(draw?)
} (7... Qe7 {best, Komodo12 & Stockfish10} 8. Qxb4 Qxe5 9. Qxb7 Rd8 10. Na3 (
10. Qxa7) 10... Bxa3 11. bxa3 Nf6 (11... Nh6) 12. Qxa7 O-O 13. Qd4 Qf5 $11 14.
c4 c6 $16 (14... c5 15. dxc6 (15. Qe3 Ng4 16. Qxc5 e3 $19) 15... Bxc6 16. Qe3
Ng4 17. Qg3 e3 18. fxe3 Nxe3 19. dxe3 Qc2 $19 {Stockfish10}) 15. Bb2 Rfe8 16.
Be2 cxd5 17. c5 $16 {Pirker-Kiss, Steyr Landesliga 2012,1-0}) 8. Bxd3 exd3 9.
O-O $18 (9. d6 Nh6 10. O-O Bxd6 11. Nc4 Bxh2+ {Vu-LeHa The, VIE ch U13,2005,
0-1 mating}) 9... Bd6 10. Re1 $146 (10. Nxd7 Qxd7 11. Qxb7 Rd8 12. Qxa7 Ne7 (
12... Nf6 13. Qe3+ Kf8 14. Qxd3 Nxd5 15. Qf3 h5 16. d4 {Karacsony-Nadasi,HUN
ch tm 2011, 1-0}) 13. Qd4 (13. c4 O-O 14. Nc3 Qf5 15. Qe3 Ng6 16. Qe4 (16. Qh3
$18) (16. Ne4 $18) 16... Qh5 $17 17. g3 Rde8 (17... f5 18. Qg2 Nf4 $19 {
Stockfish10}) 18. Qg2 Ne5 $11 (18... f5 $19 {Stockfish10}) 19. f3 Nxc4 (19...
f5 $17) 20. b3 {Olle-Mecsei, HUN ch univ 2000,0-1}) 13... Qf5 14. c4 Qh5 (14...
O-O $14) 15. f4 $18 {Starostits-Imhof, C Friend email 2004,1-0}) 10... Ne7 11.
c4 (11. Nxd7) 11... Bxe5 (11... O-O 12. Qxd3 Re8 13. Nxd7 Qxd7 14. Rd1 Nc6 15.
Nc3 Ne5 16. Qf1 Qg4 17. h3 Qxc4 18. Qxc4 Nxc4 19. d3 Ne5 $14 {Stockfish10- Whs
extra pawn is doubled}) 12. Rxe5 O-O 13. Qxd3 $16 Re8 (13... Ng6) 14. b3 $18
Nf5 (14... Ng6) 15. Rxe8+ Qxe8 16. Bb2 Qe1+ 17. Qf1 Qe4 18. d3 Qg4 19. Nd2 (19.
Nc3) 19... Re8 20. Re1 Rxe1 21. Qxe1 Nh4 22. Qe4 Qg5 (22... Qd1+ 23. Nf1 Ng6
24. h3 $18 {Stockfish10}) 23. g3 (23. Nf1 h6 24. g3 $18) (23. f4 Qg4 24. Kf2
$18 {both Stockfish10}) 23... Qxd2 24. Qxh4 f6 $11 25. Qe4 (25. Bxf6 gxf6 26.
Qxf6 Bh3 27. Qd8+ {perpetual- Stockfish10}) 25... Kf7 $2 (25... h6 26. Bxf6 Bh3
27. Qe8+ Kh7 28. Qe4+ $11 {Stockfish10}) (25... h5 26. Bd4 h4 27. h3 hxg3 28.
fxg3 Qxa2 $11 {Stockfish10}) (25... Qxb2 26. Qe7 Qe5 27. Qxd7 $18 {Stockfish10}
) 26. Ba3 $18 Bh3 27. Qe7+ Kg6 28. Qe8+ Kg5 29. Qe3+ Qxe3 30. fxe3 $18 Kf5 31.
Kf2 Ke5 32. Kf3 Kf5 33. e4+ Kg5 34. Bc1+ Kg6 35. Bf4 c6 36. dxc6 bxc6 37. d4
Bd7 38. d5 Kf7 39. Bd6 cxd5 40. exd5 g6 41. Ke3 (41. c5) 41... Bf5 42. b4 a6
43. Kd4 Ke8 44. a4 Kd7 45. c5 Bc2 46. b5 axb5 47. axb5 Bd1 48. b6 1-0

[Event "Dyfed Open"]
[Site "Fishguard"]
[Date "2019.02.24"]
[Round "5.2"]
[White "Williams, A. Howard"]
[Black "Young, Alan"]
[Result "1/2-1/2"]
[WhiteElo "2268"]
[BlackElo "2024"]
[Annotator "kemen"]
[PlyCount "83"]
[EventDate "2019.??.??"]

{[%evp 0,133,38,22,38,-6,-6,-27,-27,-24,3,3,35,15,38,37,42,42,58,45,45,45,45,
45,60,55,54,49,48,37,46,43,43,43,46,30,34,13,13,15,49,32,37,28,43,43,74,50,51,
52,62,64,64,64,72,72,80,81,80,80,80,80,84,83,91,91,86,72,99,99,104,110,110,101,
97,92,83,76,76,76,77,77,77,77,77,62,62,49,49,62,62,67,75,71,69,67,51,51,51,51,
51,51,62,58,51,20,20,20,20,20,21,20,20,20,20,4,4,4,4,4,3,0,0,0,0,0,0,0,0,0,0,0,
0,0,0,0]} 1. d4 d5 2. c4 e6 3. Nf3 Nf6 4. g3 Bb4+ (4... Be7 5. Bg2 O-O 6. O-O
c6 7. Qc2 Nbd7 8. Bf4 Ne4 {Williams-May,WCPL 2017,1/2-1/2}) 5. Bd2 Bd6 (5...
Bxd2+ 6. Nbxd2 O-O 7. Bg2 Nbd7 8. O-O b6 9. cxd5 exd5 10. Qa4 {Williams-May,
WCPL 2018,1-0}) 6. Bg2 c6 7. Nc3 (7. Qc2 {main}) (7. O-O Nbd7 8. b3 O-O 9. Nc3
{Bologan 2012:40}) 7... Nbd7 8. O-O (8. b3) 8... O-O (8... dxc4 {scores 74%
for Bl, who threaten to hold on to the pawn or play for e5} 9. e4 e5) 9. e4 (9.
b3 {back to Bologan,main}) 9... Nxe4 (9... dxe4 10. Ng5 {likely transposes})
10. Nxe4 dxe4 11. Ng5 Nf6 12. Bc3 (12. Nxe4 $16 {Komodo12, though} Nxe4 (12...
Be7 13. Be3 Nxe4 14. Bxe4 Bf6 15. Qd3 h6 16. Rfd1 $16 {Stukan-Tolstikh, Sochi
Doroshkevich Amateur 2017,0-1}) 13. Bxe4 Re8 14. Bc3 $16 {Filip-Istratescu,
Corund Ceramica op 2017, draw agreed}) 12... Be7 (12... b5 13. Nxe4 Nxe4 14.
Bxe4 bxc4 15. Qc2 g6 16. Bxc6 Rb8 17. Rfe1 (17. d5 $16) 17... Bb7 {
Balacek-Kozusek, CZE ch tm rap 2017,1/2-1/2}) (12... Nd5 13. Nxe4 (13. Qh5 h6
14. Nxe4 Nxc3 15. Nxd6 Qxd6 16. bxc3 Qa3 17. Rfc1 Bd7 $14) 13... Nxc3 14. Nxc3
e5 $11 {Komodo12}) 13. Qe2 (13. Qc2 b6 14. Nxe4 Bb7 15. a4 a5 16. Rad1 h6 17.
f4 g6 18. Rfe1 $16 {Usmanov-Solvyov, St Petersburg ch 2013,1-0}) (13. Nxe4 Nxe4
14. Bxe4 $16 {Komodo12}) 13... Qc7 (13... Nd5 14. Nxe4 (14. cxd5 Bxg5 15. dxc6
f5 16. f3 exf3 17. Bxf3 bxc6 18. Bxc6 Rb8 19. d5 Qb6+ 20. Kh1 exd5 21. Bxd5+
Kh8 22. Rad1 $14) 14... Nxc3 15. bxc3 $14 {Komodo12}) 14. Nxe4 Nxe4 15. Qxe4
$16 Re8 16. Rac1 Bd7 17. Rfe1 Bf8 18. b4 Rac8 19. Bd2 Red8 20. c5 {Komodo12}
Be8 (20... e5 $5 $16 {Komodo12}) 21. Bf4 Qd7 22. Red1 Qd5 23. Qe2 Qd7 24. a4 a6
25. h4 f6 26. Rd2 Bf7 27. Re1 Qe8 28. Bh3 Rd7 29. b5 (29. Bxe6 Qxe6 30. Qxe6
Bxe6 31. Rxe6 Rcd8 32. Be3 Kf7 33. Re4 f5 34. Rf4 g6 35. g4 Rd5 $11 {Komodo12})
29... axb5 30. axb5 Rcd8 31. Red1 cxb5 32. Qxb5 Bh5 33. Re1 Bf7 (33... Rxd4 34.
Bxe6+ Kh8 35. Qxe8 Bxe8 36. Rxd4 Rxd4 37. Ra1 Ba4 38. Be3 Rb4 39. Bd5 Bc6 40.
Bxc6 bxc6 41. Ra6 Kg8 42. Rxc6 $16 {Komodo12}) 34. Qb6 (34. Qb2 $16) (34. Be3
Re7 35. Qb3 $16 {Komodo12- but no clear breakthrough for Wh}) 34... Rxd4 35.
Rxd4 Rxd4 36. Bxe6 (36. Be3 Rd7 37. Bg2 Qe7 38. Rb1 Bg6 39. Rb2 e5 40. Bxb7 $16
{Komodo12}) 36... Bxe6 37. Rxe6 Qa8 (37... Qh5 $11) (37... Qd7 38. Re1 Qc6 $11
{both Komodo12}) 38. Re1 $16 Qc8 39. c6 (39. Bd6 $1 $18 Qd7 40. Qb2 Qa4 41. Qe2
Bxd6 42. Qe6+ Kf8 43. cxd6 $18 {Komodo12}) 39... Rb4 40. cxb7 Qxb7 41. Qd8 Rb1
42. Rxb1 $11 1/2-1/2

[Event "Dyfed Open"]
[Site "Fishguard"]
[Date "2019.02.24"]
[Round "5.3"]
[White "Heap, Gerry"]
[Black "Buttell, David"]
[Result "1-0"]
[WhiteElo "2095"]
[BlackElo "1793"]
[Annotator "kemen"]
[PlyCount "57"]
[EventDate "2019.??.??"]

{[%evp 0,57,32,-11,20,23,27,9,22,41,30,30,31,23,27,10,35,23,31,15,15,15,15,28,
30,17,21,-30,21,18,21,26,37,32,49,71,117,101,110,44,199,208,197,205,205,205,
205,119,131,228,309,305,489,383,526,703,703,537,806,868]} 1. c4 b6 2. Nf3 Bb7
3. g3 c5 (3... Bxf3 4. exf3 c5 {main, 42 % for Wh} (4... e6 {28% for Wh})) 4.
Bg2 g6 (4... Nf6 5. O-O e6 6. Nc3 Be7 7. d4 {main}) 5. Nc3 Bg7 6. O-O d6 (6...
Nf6 7. d4 cxd4 8. Qxd4 d6 9. Rd1 Nbd7 {main}) 7. Rb1 (7. d3) (7. d4) 7... e5 (
7... Nf6) 8. d3 (8. b4 Ne7 9. d3 O-O 10. e4 Nbc6 11. a3 {4 draws and a Bl win}
Qd7 12. Bd2 f5 13. Nd5 Nxd5 14. exd5 Nd4 15. bxc5 Nxf3+ 16. Bxf3 {
Najdorf-Packman, Mar del Plata 1962, 1/2-1/2}) 8... Ne7 9. Bg5 f6 10. Bd2 Nbc6
(10... O-O 11. e4 Nbc6 12. Qc1 Rf7 13. Bh6 Bh8 14. Be3 Nd4 15. Bxd4 exd4 16.
Nd5 Nxd5 17. cxd5 Bc8 18. Nd2 f5 19. f4 $11 {Schmeusser-Gelzinnus, Bayeern
Seniors 2005,1-0}) 11. a3 O-O 12. b4 (12. Ne1 Qd7 13. b4 Nd4 14. bxc5 Bxg2 15.
Nxg2 dxc5 16. Nb5 Nxb5 17. Rxb5 Rad8 18. f3 f5 $17 {Valdes Romero-Wang,
Seville op 2003,0-1}) 12... Qd7 13. Qb3 (13. Qa4 $14 {Stockfish10}) 13... Rab8
14. e3 f5 15. Nd5 Nxd5 {gives Wh chances} (15... Nd8 16. Bc3 Ne6 17. Nd2 h6 18.
Rbe1 Rbe8 $11 {Stockfish10}) 16. cxd5 Ne7 (16... Nd8 17. e4 Nf7 18. bxc5 dxc5
19. a4 $11 {Stockfish10}) 17. Ng5 $18 Kh8 18. Ne6 Rfc8 (18... f4 $5) 19. Bc3 (
19. e4 $18) 19... Ba6 20. b5 Bb7 21. f4 {Bl is running out of space} Bf6 22. e4
a6 23. a4 (23. Qb2 Qxb5 24. Qe2 Qd7 25. fxe5 dxe5 26. exf5 Nxd5 27. Bxe5 Re8
28. Bxf6+ Nxf6 29. Qb2 Qf7 30. fxg6 Qxe6 31. Rbe1 Qd6 32. Rxe8+ Rxe8 33. Rxf6
$18 {Stockfish10}) 23... axb5 24. axb5 Ra8 25. Qb2 Ng8 26. exf5 Qe7 27. fxe5
dxe5 28. Bxe5 Ra2 29. Bxf6+ 1-0

[Event "Dyfed Open"]
[Site "Fishguard"]
[Date "2019.02.24"]
[Round "5.4"]
[White "Bevan, Peter M"]
[Black "Jones, Iolo C"]
[Result "0-1"]
[WhiteElo "1907"]
[BlackElo "2205"]
[Annotator "kemen"]
[PlyCount "69"]
[EventDate "2019.??.??"]

{[%evp 0,145,19,-10,-10,-19,-21,-21,-1,-32,17,-19,34,6,10,23,43,42,40,23,40,40,
75,32,19,17,27,25,72,57,61,42,113,103,86,75,60,9,9,-7,73,41,58,12,31,11,1,72,
62,-24,-24,-51,-14,-50,-16,-8,-16,-52,-28,-33,23,-10,103,92,146,65,48,48,62,
-17,26,4,-2,0,14,-49,-46,-50,-53,-95,-128,-140,-75,-83,-89,-226,-225,-202,-256,
-279,-301,-321,-145,-205,-145,-175,-44,-142,0,-57,0,-16,-24,-39,-82,-58,-75,
-159,-171,-158,-181,-187,-207,-200,-211,-290,-319,-389,-69,-93,-86,-86,-87,-87,
-106,-131,-131,-131,-131,-131,-116,-116,-116,-124,-129,-123,-115,-88,-88,-126,
-171,-247,-268,-188,288,300,313,374]} 1. Nf3 Nf6 2. c4 e6 3. g3 d5 4. Bg2 d4 (
4... Be7 5. O-O O-O 6. b3 (6. d4 {main})) 5. b4 (5. O-O) (5. d3) (5. e3) 5...
c5 6. Bb2 Nc6 7. b5 Ne7 (7... Na5 {alternative}) 8. e3 (8. d3 Ng6 (8... Nf5 9.
Nbd2 Be7 10. O-O O-O 11. Re1 Qd7 12. Nf1 Rd8 13. h3 a6 14. g4 Nd6 15. a4 h5 16.
e3 dxe3 17. Nxe3 hxg4 18. Ne5 Qc7 19. hxg4 {Wenner-Do, Rheinland Pfalz op 2017,
1-0}) 9. Nbd2 Be7 10. O-O {Fellhauer-Klein, Pfalz op 2012,1/2-1/2}) (8. O-O g6
9. e3 Nf5 10. Na3 Bg7 11. Nc2 dxe3 12. fxe3 O-O 13. d3 a6 14. a4 Ra7 15. Qe2 {
Quizielvu-Menaldo, THE CLIMB SEMI ,1997, 1-0}) 8... Nf5 (8... dxe3 9. dxe3
Qxd1+ 10. Kxd1 Ng6 11. h4 h5 12. Ke2 Ng4 13. Rd1 f6 14. a4 Bd7 15. Nfd2 O-O-O {
Ilivitzki-Spassky, URSS final 1955,1/2-1/2}) 9. O-O Be7 10. Na3 (10. exd4 Nxd4
11. d3 (11. Nxd4 cxd4 12. d3 $14) 11... O-O 12. Nbd2 Re8 13. Nxd4 cxd4 14. f4
$16 {Komodo12}) 10... O-O 11. Nc2 Nd6 12. Qe2 (12. d3 dxe3 13. Nxe3 $16 Nf5 14.
Nxf5 exf5 15. Re1 Bd6 16. a4 $18 {Komodo12}) 12... dxe3 13. Nxe3 $16 a6 14. a4
Nd7 (14... Nf5) 15. Ng4 (15. d4 $16 {Komodo12}) 15... axb5 16. axb5 Rxa1 17.
Rxa1 Nb6 18. d3 $16 f6 19. Ne3 e5 20. Nd2 Be6 21. Ne4 Nf5 22. Nxf5 Bxf5 23. Rd1
(23. Ra7 Bc8 24. Bc3 Qc7 25. Ba5 Bd8 26. Ra8 (26. Bxb6 Qxb6 27. Ra8) 26... Qe7
27. Bxb6 Bxb6 28. Nc3 $16 {Komodo12}) 23... Qd7 24. Qe3 $2 (24. Ra1 $14) 24...
Nxc4 $17 25. Qc1 Nxb2 26. Qxb2 Bg4 27. Rd2 (27. Ra1 Qxd3 28. Nc3 Bf3 29. Qa2+
Kh8 30. Bxf3 Qxf3 31. Nd5 Bd6 32. Ne3 f5 $17 {Komodo12}) 27... Ra8 (27... Rd8
$19) (27... Be6 $19) 28. Nc3 Be6 29. Rd1 Ra5 30. Bf1 Bd8 $19 (30... Qd4 $19)
31. Ra1 Qd4 32. Rxa5 Bxa5 33. Nd1 Qb4 34. Bg2 Qe1+ 35. Bf1 0-1

[Event "Dyfed Open"]
[Site "Fishguard"]
[Date "2019.02.24"]
[Round "5.5"]
[White "Waddington, Mike P"]
[Black "Thomas, Roy"]
[Result "1-0"]
[WhiteElo "2074"]
[BlackElo "1719"]
[Annotator "kemen"]
[PlyCount "57"]
[EventDate "2019.??.??"]

{[%evp 0,103,26,14,58,91,22,31,31,23,25,4,22,46,18,18,30,18,37,47,47,19,42,42,
51,49,67,71,88,88,81,13,47,47,59,3,6,-15,-8,8,5,-30,49,49,94,70,83,83,83,92,86,
93,92,33,33,33,44,0,0,0,0,0,0,8,5,3,0,-20,-5,-25,-28,-41,-44,-92,-93,-91,-74,
-74,-27,-120,-142,-148,-71,-54,-42,-97,-4,-21,3,0,0,0,0,0,0,0,0,0,0,0,0,0,0,0,
0,0]} 1. Nc3 f5 2. e4 fxe4 3. d3 exd3 {main} (3... Nf6) 4. Bxd3 {From Gambit
Reversed} Nf6 5. g4 (5. Nf3) 5... g6 6. g5 Nh5 7. Nge2 (7. Ne4 {main} d5 8. Ng3
) 7... d5 $6 (7... Nc6 8. Ng3 Nxg3 9. hxg3 Ne5 10. Bf4 Nxd3+ 11. Qxd3 d6 12.
O-O-O Kf7 13. Qd5+ {Huergo-Elissalt Cardenas, Havana 1992,1/2-1/2} (13. Rhe1
$18)) (7... Bg7 8. Ng3 Nxg3 9. hxg3 d6 10. Rxh7 Bxc3+ 11. bxc3 Rxh7 12. Bxg6+
Rf7 13. Bxf7+ Kxf7 14. Qh5+ Ke6 15. g6 $16 {Riihimaki-Stanghelle, FIN-NOR
email 2011,1/2-1/2}) 8. Ng3 (8. Nxd5 Nc6 $11) 8... Ng7 9. Nxd5 $16 c6 10. Nc3 (
10. Nf4 e5 11. Qe2 Qc7 (11... Qe7 12. Bxg6+ Kd8 13. Be4 exf4 14. Bxf4 Bd7 15.
O-O-O $18) 12. h4 $18 {Stockfish10}) 10... Bh3 11. Qe2 (11. Be3) 11... Qc7 12.
Nce4 (12. Nge4 Bg2 13. Rg1 Qxh2 14. Rxg2 Qxg2 15. Nd6+ Kd7 16. Nf7 Qg1+ 17. Kd2
Rg8 18. Qf3 $16 {Stockfish10}) 12... Nd7 (12... Ne6 13. Bd2 Bg7 14. O-O-O Qe5
15. c3 O-O $14 {Stockfish10}) 13. Nf6+ Nxf6 14. gxf6 Ne6 (14... Nh5 15. Nxh5
Qa5+ 16. Bd2 Qxh5 17. Bc3 Qxe2+ 18. Kxe2 exf6 19. Bxf6 Rg8 20. Bc4 Bg7 21. Bxg8
Bxf6 22. Rag1 $18 {Stockfish10}) 15. Bc4 $18 Nd4 16. f7+ Kd8 17. Qd3 Qd7 18. c3
(18. Ne2 $18) 18... Bg2 (18... b5 $11 {Stockfish10}) 19. Qxd4 (19. cxd4) 19...
Qxd4 20. cxd4 Bxh1 21. Nxh1 $18 Bg7 22. Be3 Kd7 23. Ng3 e6 24. Ne4 e5 25. d5 (
25. Nc5+) (25. dxe5 Bxe5 26. O-O-O+) 25... h6 26. O-O-O b6 27. dxc6+ Kxc6 28.
Rd6+ Kc7 29. Rxg6 1-0

[Event "Dyfed Open"]
[Site "Fishguard"]
[Date "2019.02.24"]
[Round "5.6"]
[White "May, Adam J"]
[Black "May, Frank"]
[Result "1-0"]
[WhiteElo "1906"]
[BlackElo "2069"]
[Annotator "kemen"]
[PlyCount "47"]
[EventDate "2019.??.??"]

{[%evp 0,47,79,-17,-10,-21,-18,-22,0,-2,-7,-14,5,-10,14,21,24,22,36,1,4,3,26,
31,38,29,45,24,45,16,40,58,51,103,126,113,117,108,121,109,187,192,224,187,246,
248,206,220,378,338]} 1. c4 e6 2. g3 d5 3. Bg2 Nf6 4. Nf3 Be7 5. O-O O-O 6. b3
(6. d4 {Catalan}) 6... c6 7. Bb2 Nbd7 8. d3 a5 9. a3 b5 10. Nbd2 a4 $146 (10...
Ba6) (10... Bb7 {main lines}) 11. b4 (11. e4 {Komodo12}) 11... bxc4 12. dxc4
Ba6 (12... Bb7) 13. c5 Qc7 14. Re1 e5 15. e4 Nxe4 (15... d4 16. Qxa4 Bb5 17.
Qd1 Ba4 18. Qb1 h6 $14 {Komodo12}) 16. Nxe4 dxe4 17. Rxe4 Bf6 18. Qc2 $16 Rfe8
19. Rae1 Bb5 20. Nd4 $18 Reb8 21. Nf5 (21. Nxb5 Rxb5 22. Rd1 $18 {Komodo12})
21... g6 22. Nd6 Bg7 23. Bc3 (23. f4) 23... Nf6 24. Nxb5 (24. Rxe5) 1-0

[Event "Dyfed Open"]
[Site "Fishguard"]
[Date "2019.02.24"]
[Round "5.7"]
[White "Morgans, Justin"]
[Black "Byway, Paul V"]
[Result "0-1"]
[WhiteElo "1646"]
[BlackElo "2060"]
[Annotator "kemen"]
[PlyCount "98"]
[EventDate "2019.??.??"]

{[%evp 0,98,26,29,46,55,40,40,37,28,30,32,55,6,30,26,26,15,12,8,8,-45,-45,-29,
-21,-103,-32,-10,6,0,-3,-51,-19,-10,-20,-17,21,35,40,11,0,9,14,-18,54,43,43,
-12,-10,-16,-13,-27,-38,-40,-40,-37,-40,-92,-92,-92,-92,-114,-103,-103,-118,
-111,-111,-139,-122,-204,-153,-210,-222,-229,-232,-254,-185,-195,-201,-201,
-195,-286,-308,-306,-260,-357,-371,-388,-390,-474,-516,-516,-584,-627,-706,
-1020,-1131,-1202,-1252,-1238,-1318]} 1. e4 c5 2. Nf3 e6 3. d4 cxd4 4. Nxd4 Nf6
5. Nc3 Nc6 6. Bg5 (6. Ndb5) (6. Nxc6 {main lines}) 6... Qa5 (6... Be7) (6...
Bb4) 7. Bxf6 gxf6 8. Nb3 (8. Ndb5) 8... Qe5 9. a3 f5 10. f3 $146 {Stockfish10}
(10. Qe2) 10... fxe4 11. fxe4 d5 12. Bd3 (12. Qf3) 12... d4 13. Ne2 Bg7 14. Qd2
(14. O-O $11) 14... O-O (14... Qf6 $15) 15. O-O-O (15. O-O $11) 15... Qh5 (
15... b5 $15) (15... a5 $15) 16. Kb1 $14 e5 17. h3 (17. Ng3 $16) 17... Qh6 18.
Qxh6 Bxh6 19. g4 Be3 20. Ng3 Be6 21. Nd2 (21. Nc5 $16) 21... Bxd2 22. Rxd2 Ne7
23. Nf5 (23. g5 $14) 23... Ng6 $11 24. h4 Nf4 25. h5 f6 26. Rdh2 Rfd8 27. Rg1
Kf7 28. g5 (28. Rg3 Rd7 $15) 28... Bxf5 $19 29. exf5 fxg5 30. Be4 (30. Rxg5 Kf6
31. Rg1 Rg8 32. Re1 Rg3 33. Be4 Rb8 34. c3 Re8 35. Kc2 dxc3 36. bxc3 Rc8 $19 {
Stockfish10}) 30... Kf6 31. Bxb7 Rab8 32. Be4 h6 $19 33. Rg3 Rb6 34. b4 Nd5 35.
Kb2 Nc3 36. Rxc3 (36. Bd3 a5 $19) 36... dxc3+ 37. Kxc3 Rc8+ 38. Kb3 Rd6 39. c3
Rcd8 40. Bc2 (40. c4 g4 41. Rg2 Kg5 42. c5 Rd2 $19 {Stockfish10}) 40... Rd2 41.
Rh3 Rg2 42. Bd3 g4 43. Re3 Rh2 44. b5 Rh3 45. Rxh3 gxh3 46. Be4 Rd1 47. a4 Re1
48. Bd5 e4 49. a5 h2 (49... h2 50. b6 h1=Q 51. bxa7 Ra1 (51... Rb1+ 52. Kc4 Ke5
53. Kc5 (53. a8=Q Qf1+ 54. Kc5 Qb5#) 53... Qg1+ 54. Kc6 Qxa7 55. c4 Qe7 56. a6
Qd6# {Stockfish10})) 0-1